Impact of the military strategies by Attila the Hun on Western Europe in 434-453 AD / (Record no. 98887)
[ view plain ]
| 000 -LEADER | |
|---|---|
| fixed length control field | 00811nam a2200205 a 4500 |
| 003 - CONTROL NUMBER IDENTIFIER | |
| control field | 0 |
| 005 - DATE AND TIME OF LATEST TRANSACTION | |
| control field | 20250210135912.0 |
| 008 - FIXED-LENGTH DATA ELEMENTS--GENERAL INFORMATION | |
| fixed length control field | 130129s19uu xx 00 eng d |
| 050 ## - LIBRARY OF CONGRESS CALL NUMBER | |
| Classification number | PHS U 29 |
| Item number | .B468 2012 |
| 100 ## - MAIN ENTRY--PERSONAL NAME | |
| Personal name | Benjamino, Robert Joshua G. |
| 245 ## - TITLE STATEMENT | |
| Title | Impact of the military strategies by Attila the Hun on Western Europe in 434-453 AD / |
| Statement of responsibility, etc | Robert Joshua G. Benjamino. |
| 260 ## - PUBLICATION, DISTRIBUTION, ETC. (IMPRINT) | |
| Place of publication, distribution, etc | Las Piñas City, Philippines : |
| Name of publisher, distributor, etc | Southville International School and Colleges, |
| Date of publication, distribution, etc | 2012. |
| 300 ## - PHYSICAL DESCRIPTION | |
| Extent | 26 pages : |
| Other physical details | illustrations ; |
| Dimensions | 28 cm. |
| 504 ## - BIBLIOGRAPHY, ETC. NOTE | |
| Bibliography, etc | Includes bibliographic references. |
| 600 ## - SUBJECT ADDED ENTRY--PERSONAL NAME | |
| Personal name | Attila, King of the Huns |
| Dates associated with a name | 453 |
| Fuller form of name | Military leadership. |
| 650 ## - SUBJECT ADDED ENTRY--TOPICAL TERM | |
| Topical term or geographic name as entry element | Huns |
| General subdivision | History |
| Form subdivision | Military aspects. |
| 650 ## - SUBJECT ADDED ENTRY--TOPICAL TERM | |
| Topical term or geographic name as entry element | Military art and science |
| General subdivision | History |
| Form subdivision | To 500. |
| 651 ## - SUBJECT ADDED ENTRY--GEOGRAPHIC NAME | |
| Geographic name | Europe |
| Form subdivision | History |
| Chronological subdivision | 392-814. |
| 942 ## - ADDED ENTRY ELEMENTS (KOHA) | |
| Source of classification or shelving scheme | Library of Congress Classification |
| Koha item type | PASS |
| Withdrawn status | Lost status | Source of classification or shelving scheme | Damaged status | Home library | Current library | Shelving location | Date acquired | Source of acquisition | Total Checkouts | Full call number | Barcode | Date last seen | Price effective from | Koha item type |
|---|---|---|---|---|---|---|---|---|---|---|---|---|---|---|
| Library of Congress Classification | Luxembourg Library | Luxembourg Library | Portfolio Assessment of SISC Students Section | 01/29/2013 | Donation | PHS U 29 .B468 2012 | P2988 | 04/08/2014 | 04/08/2014 | PASS |